| 000 | 00569nam a2200217Ia 4500 | ||
|---|---|---|---|
| 005 | 20251122105618.0 | ||
| 008 | 230125s9999 xx 000 0 und d | ||
| 020 | _a978-93-5350-162-4 | ||
| 041 | _aeng | ||
| 082 |
_a158.1 _bPET |
||
| 100 |
_aPeter J A _9215502 |
||
| 245 | _aSelf Development and Professional Excellence | ||
| 250 | _a1st Ed. | ||
| 260 |
_c2019 _bCengage Learning _aDelhi |
||
| 300 | _a432p | ||
| 500 | _aPersonality Development | ||
| 650 |
_aPersonality Development _9213420 |
||
| 700 |
_aPeter J A _9215502 |
||
| 906 | _b112.5 | ||
| 942 | _cBK | ||
| 999 |
_c96495 _d96495 |
||